书目信息 |
| 题名: |
装饰雕塑
|
|
| 作者: | 赵萌 著 | |
| 分册: | ||
| 出版信息: | 长春 吉林美术出版社 1996 |
|
| 页数: | 62页 | |
| 开本: | 26cm | |
| 丛书名: | 现代艺术设计丛书 | |
| 单 册: | ||
| 中图分类: | J313.3 | |
| 科图分类: | ||
| 主题词: | 装饰雕塑--基本知识 | |
| 电子资源: | ||
| ISBN: | 7-5386-0577-0 | |
| 000 | 00708nam2 2200253 450 | |
| 001 | 0100582173 | |
| 005 | 20020928000000.0 | |
| 010 | @a7-5386-0577-0@dCNY21.50 | |
| 011 | @a7-5386-0577-0 | |
| 100 | @a19970707d1996 em y0chiy0110 ea | |
| 101 | 0 | @achi |
| 102 | @aCN@b220000 | |
| 105 | @aa z 000yy | |
| 106 | @ar | |
| 200 | 1 | @a装饰雕塑@9Zhuang Shi Diao Su @e[图册]@f赵萌著@b专著 |
| 210 | @a长春@c吉林美术出版社@d1996 | |
| 215 | @a62页@d26cm | |
| 225 | 2 | @a现代艺术设计丛书@dModern design@zeng |
| 410 | 0 | @12001 @a现代艺术设计丛书 |
| 606 | 0 | @a装饰雕塑@x基本知识 |
| 690 | @aJ313.3@v3 | |
| 701 | 0 | @a赵萌@9zhao meng@4著 |
| 801 | 0 | @aCN@bAiZhiMarc@c19970724 |
| 905 | @aBZT@dJ313.3@e1@f1@sJ313.3/1 | |
| 装饰雕塑:[图册]/赵萌著.-长春:吉林美术出版社,1996 |
| 62页;26cm.-(现代艺术设计丛书=Modern design) |
| ISBN 7-5386-0577-0:CNY21.50 |
| ● |
| 相关链接 |
|
|
|
正题名:装饰雕塑
索取号:J313.3/1
 
预约/预借
| 序号 | 登录号 | 条形码 | 馆藏地/架位号 | 状态 | 备注 |
| 1 | 2000142631 | 2000142631 | 旧书回溯/ [索取号:J313.3/1] | 在馆 |